000 00609cam a22001934a 4500
001 1214548
005 20240221040824.0
008 990623s2000 enk b 001 0 eng
020 _a0415162149
040 _aDLC
_cDLC
_dDLC
082 0 0 _a320.53
_221
_bGRA.
100 1 _aSassoon, Anne Showstack.
245 1 0 _aGramsci and contemporary politics :
_bbeyond pessimism of the intellect /
_cAnne Showstack Sassoon.
260 _aLondon ;
_aNew York :
_bRoutledge,
_c2000.
300 _a173 p. ;
650 0 _aPolitical science
856 4 2 _uhttp://www.loc.gov/catdir/enhancements/fy0916/99037055-d.html
942 _cL
999 _c451
_d451